SOMATICKÁ CHARAKTERISTIKA MLÁDEŽE V RÝCHLOSTNEJ KANOISTIKE

Bibliographic Details
Main Author: Potočný, Vojtech (Author)
Format: Article
Language:Slovak

MARC

LEADER 00000nab a2200000uu 4500
001 vtls010900705
003 SK-MaSNL
005 20260303141759.0
008 230222|1986 xo |||||||||||||||||slo|
015 |a SNBRB 
035 |a (urnnbn)urn:nbn:sk:snk:ar-a07lw8 
035 |a (uuid)eb4a770a-1ef0-4803-95e2-6e2385040c9f 
035 |a urn:nbn:sk:snk-ab8sda 
040 |a SNKBUCL  |b slo  |c SNKBUCL  |e AACR2 
041 0 |a slo 
044 |a xo  |c SK 
100 1 |a Potočný, Vojtech  |4 aut  |9 650668 
245 1 0 |a SOMATICKÁ CHARAKTERISTIKA MLÁDEŽE V RÝCHLOSTNEJ KANOISTIKE  |c Vojtech Potočný 
773 0 |t Acta Facultatis Educationis Physicae Universitatis Comenianae  |g Roč. 27, č. 27 (1986), s. 223-242 
954 |a odborná, vedecká literatúra pôvodná (slovenská)  |2 lita 
958 |a OND 
958 |a EUIPO 
958 |a article10 
999 |c 1978699  |d 1980629